000 01127nam a22003017a 4500
999 _c64180
_d64180
005 20240530110718.0
008 180310s2016 ua a g b 000 0 ara d
017 _a2016/13386
_bمصر. دار الكتب
020 _a9789773192815
040 _aEG-CaGPL
_cEG-CaGPL
082 0 4 _221
_a070.43\
_bف إ
100 0 _aفاطمة الزهراء عبدالفتاح
245 1 2 _aالاندماج الاعلامى وصناعة الاخبار /
_cفاطمة الزهراء عبدالفتاح .
250 _aط.1
260 _aالقاهرة :
_bالعربى للنشر و التوزيع ،
_c2016 .
300 _a221 ص. ؛
_c24 سم.
650 0 7 _2qrmak
_aالتحرير الصحفى
650 0 7 _2qrmak
_aالاهرام ( جريدة )
650 0 7 _2qrmak
_aاليوم السابع
650 0 7 _2qrmak
_aالمصرى اليوم
650 0 7 _2qrmak
_aالصحافة
650 0 7 _2qrmak
_aالصحافة الالكترونية
650 0 7 _2qrmak
_aالانترنت
650 0 7 _2qrmak
_aالصحافة المصرية
651 _2qrmak
942 _2ddc
_cBK